Statistics for Biggest Countries by Population, but... #1

Click here to take the quiz!

General Stats

  • This quiz has been taken 128 times
  • The average score is 19 of 30

Answer Stats

PopulationCountry% Correct
259 milChina
93%
18.6 milIndia
91%
94.9 milUnited States
91%
37.4 milMexico
87%
99.9 milNigeria
86%
66.4 milRussia
85%
47.8 milPakistan
82%
31.1 milJapan
80%
26.3 milD. R. Congo
78%
13.5 milGermany
77%
11.3 milPhilippines
75%
9.35 milCanada
73%
15.5 milTurkey
73%
30.8 milSouth Korea
72%
10.3 milSouth Africa
70%
23.0 milVietnam
70%
15.0 milItaly
69%
9.86 milAlgeria
67%
24.8 milBangladesh
66%
21.1 milUkraine
65%
10.8 milKenya
55%
12.7 milUganda
51%
10.7 milMali
38%
9.48 milCameroon
35%
9.93 milNepal
34%
12.5 milSri Lanka
34%
9.34 milBelarus
30%
9.37 milHaiti
18%
15.3 milBurkina Faso
17%
10.9 milMalawi
15%

Score Distribution

Percentile by Number Answered

Percent of People with Each Score

Your Score History

You have not taken this quiz